000
00305nam a22001457a 4500
003
SGT
082
_a
603
_b
M14B
100
_a
BANSAL, SHRINANDAL
245
_a
BANSAL'S MEDICAL DICTIONARY
250
_a
1ST
260
_a
DELHI
_b
AITBS PUB
_c
2014
300
_a
1150
650
_a
DICTIONARY
942
_2
ddc
_c
BK
999
_c
8704
_d
8704